000 00782nam a22002297a 4500
003 0
005 20250910130424.0
008 250910b xxu||||| |||| 00| 0 eng d
020 _a978-0-357-98634-9
050 _aHF 5549.5.M5
_b.B45 2025
100 _aBell, Myrtle P.,
_eauthor.
245 _aDiversity in organizations /
_cMyrtle P. Bell and Joy Leopold.
250 _aFifth edition.
260 _aMason, OH :
_bCengage,
_c2025.
300 _axii, 544 pages :
_bcolored illustrations ;
_c29 cm.
504 _aIncludes bibliographical references and index.
650 _aDiversity in the workplace
_zUnited States.
650 _aMinorities
_xEmployment
_zUnited States.
650 _aPersonnel management
_zUnited States.
700 _aLeopold, Joy,
_eauthor.
942 _2lcc
_cBK
999 _c367869
_d367869